AFS convention : International convention on the control of harmful anti-fouling systems on ships, 2001 with guidelines for implementation (Record no. 12795)

000 -LEADER
fixed length control field 00521nam a22001457a 4500
008 - FIXED-LENGTH DATA ELEMENTS--GENERAL INFORMATION
fixed length control field 250606b 2023 ||||| |||| 00| 0 eng d
020 ## - INTERNATIONAL STANDARD BOOK NUMBER
International Standard Book Number 9789280117516
082 ## - DEWEY DECIMAL CLASSIFICATION NUMBER
Classification number 343.096
Item number IMO
110 ## - MAIN ENTRY--CORPORATE NAME
Corporate name or jurisdiction name as entry element IMO - International Maritime Organization
245 ## - TITLE STATEMENT
Title AFS convention : International convention on the control of harmful anti-fouling systems on ships, 2001 with guidelines for implementation
250 ## - EDITION STATEMENT
Edition statement 3rd
260 ## - PUBLICATION, DISTRIBUTION, ETC. (IMPRINT)
Place of publication, distribution, etc London
Name of publisher, distributor, etc IMO - International Maritime Organization
Date of publication, distribution, etc 2023
300 ## - PHYSICAL DESCRIPTION
Extent vi, 127p.
942 ## - ADDED ENTRY ELEMENTS (KOHA)
Item type Books
Holdings
Withdrawn status Lost status Source of classification or shelving scheme Damaged status Not for loan Collection code Permanent location Current location Shelving location Date acquired Full call number Barcode Date last seen Koha item type Public note
          Reference IMU-MPC Library IMU-MPC Library General Stacks 2025-06-06 343.096 IMO MPC6970 2025-06-06 Books IMO SHELF
Copyright © 2021 Indian Maritime University, Mumbai Port Campus. All Rights Reserved. Managed & Maintained by Central Library, IMU-Mumbai

webs counters

Powered by Koha